|
|
|
|
| LEADER |
00654nab a2200205 i 4500 |
| 001 |
tisza15934 |
| 005 |
20200330153748.0 |
| 008 |
161117s1995 hu o 0|| hun d |
| 022 |
|
|
|a 0133-1167
|
| 040 |
|
|
|a SZTE Tiszatáj Archívum
|b hun
|
| 041 |
|
|
|a hun
|
| 100 |
1 |
|
|a Kovič Kajetan
|
| 245 |
1 |
0 |
|a Vers objektíven ; Vers szubjektíven ; Don Juan
|h [elektronikus dokumentum] /
|c Kovič Kajetan
|
| 260 |
|
|
|c 1995
|
| 300 |
|
|
|a 22-23
|
| 490 |
0 |
|
|a Tiszatáj
|v 49 No. 6
|
| 695 |
|
|
|a Szlovén irodalom - vers
|
| 700 |
0 |
1 |
|a Baka István
|
| 700 |
0 |
1 |
|a Tandori Dezső
|
| 856 |
4 |
0 |
|u http://tiszataj.bibl.u-szeged.hu/15934/1/tiszataj_1995_006_022-023.pdf
|z Dokumentum-elérés
|